| 000 | 00591nam a2200193 4500 | ||
|---|---|---|---|
| 999 |
_c2889 _d2889 |
||
| 003 | OSt | ||
| 005 | 20210723074828.0 | ||
| 008 | 210723b ||||| |||| 00| 0 eng d | ||
| 020 | _a9780130422491 | ||
| 040 | _cALUPE UNIVERSITY | ||
| 050 |
_aHB172 _b.M32 2002 |
||
| 100 | _aBeveridge, Thomas M. | ||
| 245 |
_aPrinciples of macroeconomics, second Canadian edition. Study guide _cThomas M Beveridge; et al |
||
| 250 | _a2nd Canadian ed. | ||
| 260 |
_aToronto : _bPrentice Hall Canada, _c©2002. |
||
| 300 |
_a420 p. : _bill. ; _c28 cm. |
||
| 650 | _aMacroeconomics. | ||
| 942 |
_2lcc _cBK _nSO |
||